004970000a2200157000450000500170000094200090001710000200002624500400004626000710008630000110015704000080016836500120017665000460018899900190023495200860025320120302064634.0 cBOOK a Ketkar, Kumar. a Katha Swatantryachi (Maharashtra ) aPune: Maharashtra Rajya PathyaPustak Nirmiti Va Abhyaskram , 1985. a345 p. amar bRs.23/- aItihas / Swatantrya Ladha / Swatantryachi c362682d362679 00104070aIOSbIOSd2009-12-02l0pIOS-M 23736r2009-12-02 00:00:00w2009-12-02